00572 2200217 4500001002100000008004100021035002000062245006400082100001600146260003100162300002100193020002200214084001600236082000800252650002400260990001400284990001400298990001400312990001400326990001400340INLIS000000000000638 ind  a0010-0925000003 aBupena Merdeka IPA Fisikabuntuk SMA/MA Kelas XcAri Damari aDamari, Ari aJakarta :bErlangga,c2023 a125 hlm.c26 cm. a978-623-180-065-7 a530 DAM b-7 a530 aPendidikan - Fisika a000001190 a000001191 a000001192 a000001193 a000001194